| 000 | 00487nam a22001817a 4500 | ||
|---|---|---|---|
| 003 | CEME | ||
| 005 | 20210628205945.0 | ||
| 008 | 210209b xxu||||| |||| 00| 0 eng d | ||
| 020 | _a0-8151-8505-7 | ||
| 040 | _c. | ||
| 082 | _a540 SIL | ||
| 100 |
_aSilberberg, Martin _977657 |
||
| 245 | _aChemistry the molecular nature of matter and change | ||
| 260 |
_aBOSTON _bMCGRAW HILL _c1996 |
||
| 300 | _a1081P | ||
| 650 |
_aMOLECULAR NATURE OF MATTER AND CHANGE _977658 |
||
| 942 |
_cBK _2ddc |
||
| 999 |
_c582887 _d582887 |
||